Ч. 1: Механическое оборудование для подготовки шихтовых материалов; Механическое оборудование заводов цветной металлургии

Библиографические подробности
Источник:Механическое оборудование заводов цветной металлургии: учебное пособие для вузов. Ч. 1: Механическое оборудование для подготовки шихтовых материалов.— , 1988-1989
Главный автор: Притыкин Д. П. Данил Петрович
Язык:русский
Опубликовано: 1988
Предметы:
Формат: Книга
Запись в KOHA:https://koha.lib.tpu.ru/cgi-bin/koha/opac-detail.pl?biblionumber=128854

MARC

LEADER 00000nam2a2200000 4500
001 128854
005 20231031133120.0
010 |a 5229000384 
010 |a 5-229-00039-2 
035 |a (RuTPU)RU\TPU\book\139447 
090 |a 128854 
100 |a 20080115d1988 m y0rusy50 ca 
101 0 |a rus 
102 |a RU 
105 |a a j 001zy 
200 0 |a Ч. 1: Механическое оборудование для подготовки шихтовых материалов  |f Д. П. Притыкин 
210 |d 1988 
215 |a 392 с.  |c ил. 
320 |a Библиогр.: с. 389-390. 
320 |a Предметный указатель: с. 391-392. 
461 1 |0 (RuTPU)RU\TPU\book\163601  |t Механическое оборудование заводов цветной металлургии  |o учебное пособие для вузов  |o в 3 ч.  |v Ч. 1: Механическое оборудование для подготовки шихтовых материалов  |d 1988-1989 
610 1 |a цветная металлургия 
610 1 |a оборудование 
610 1 |a механическое оборудование 
610 1 |a шихтовые материалы 
610 1 |a сыпучее сырье 
610 1 |a хранение 
610 1 |a складирование 
610 1 |a дробление 
610 1 |a измельчение 
610 1 |a обогащение 
610 1 |a обезвоживание 
610 1 |a сушка 
610 1 |a обжиг 
610 1 |a смешивание 
610 1 |a окомкование 
610 1 |a окускование 
610 1 |a учебные пособия 
675 |a 669.2.02(075.8)  |v 3 
700 1 |a Притыкин  |b Д. П.  |g Данил Петрович 
801 1 |a RU  |b 63413507  |c 20080115  |g PSBO 
801 2 |a RU  |b 63413507  |c 20090115  |g PSBO 
942 |c BK